00964cam a2200289 a 450000100090000000300040000900500170001300800410003001000170007102000180008803800120010604000180011804200080013605000240014408200160016810000260018424500820021025000120029226000320030430000350033650400660037156300140043765000160045170000240046785600920049185600910058315999908OSt20210914154109.0091127s2010 gw a f b 001 0 eng  a 2009942252 a9783642106682 akhadija aDLCcDLCdDLC apcc00aTA347.N46bD38 2010 a511.35bDAV1 aDavid, René,d1939-10aDiscrete, continuous, and hybrid Petri Nets /cRené David and Hassane Alla. a2nd ed. aBerlin :bSpringer,cc2010. axxii, 550 p. :bill. ;c25 cm. aIncludes bibliographical references (p. [525]-540) and index. ahardcover 0aPetri nets.1 aAlla, H.q(Hassane)413Table of contents onlyuhttp://www.loc.gov/catdir/enhancements/fy1315/2009942252-t.html423Publisher descriptionuhttp://www.loc.gov/catdir/enhancements/fy1315/2009942252-d.html